Compresores: selección, uso y mantenimiento

Salvato in:
Dettagli Bibliografici
Autore principale: Greene, Richard W (Autore)
Natura: Libro
Lingua:spagnolo
Pubblicazione: Ciudad de México McGraw-Hill 1987
Edizione:1a. ed
Soggetti:
Tags: Aggiungi Tag
Nessun Tag, puoi essere il primo ad aggiungerne!!

MARC

LEADER 00000cam a2200000 a 4500
001 UCW1974
003 CL-VaPUC
008 890901e19870000MX |||||||||||||||||spa|d
020 |a 9684220324 
082 0 4 |a 621.51  |b GRE  |2 21 
100 |a Greene, Richard W  |e author  |9 466026 
245 1 0 |a Compresores: selección, uso y mantenimiento 
250 |a 1a. ed 
300 |a 292 p 
942 |c BK 
945 |d 19890901 00:00:00 
260 |a Ciudad de México  |b McGraw-Hill  |c 1987 
650 0 |a Compresores   |9 259361 
583 |a last modification  |c 20160907 09:01:43  |k Rodrigo Vera 
999 |c 216663  |d 216661 
952 |0 0  |1 0  |4 0  |6 621_510000000000000_GRE_1987  |7 0  |8 A  |9 202594  |a BIBMEC  |b BIBMEC  |d 2019-11-14  |i 2699052  |o 621.51 GRE 1987  |p 2699052  |r 2024-01-19  |w 2019-11-14  |y BK  |k MEC